| 000 | 01190nam0a22002531 4500 | ||
|---|---|---|---|
| 001 | rc\3753515 | ||
| 005 | 20250610071244.0 | ||
| 035 | _a(NLR Aleph) 007791414 | ||
| 090 |
_a7653667 _c7653667 |
||
| 100 | _a20130115d1974 |||y0rusy50 ca | ||
| 101 | 0 | _arus | |
| 102 | _aRU | ||
| 105 | _ay z ||||| | ||
| 200 | 1 |
_aОтчет о командировке в США [для участия в работе Международной конференции по биологии и патологии мышц. Кеарфи. 1973] _fАН СССР. ВИНИТИ |
|
| 210 |
_aМосква _cБ. и. _d1974 |
||
| 215 |
_a10 с. _d21 |
||
| 333 | _aДля служебного пользования. Экз. № 000008 | ||
| 532 | 1 | 2 | _aОтчет о командировке в Соединенные Штаты Америки [для участия в работе Международной конференции по биологии и патологии мышц. Кеарфи. 1973] |
| 700 | 1 |
_aСтудитский _bА.Н. _f1908- _gАлександр Николаевич |
|
| 801 | 0 |
_aRU _bNLR _gpsbo |
|
| 801 | 1 |
_aRU _bELAR _2rusmarc |
|
| 852 |
_aNLR _j74-50к/4715 |
||
| 942 | _cBOOK | ||
| 980 | _aNB | ||